000
00301nam a2200133Ia 4500
008
191201s2019 xx 000 0 und d
100
_a
DWIVEDI,DN
245
0
_a
Managerial Economics
250
_a
Rep
260
_c
2019
_b
Vikas Pub
_a
New Delhi
300
_a
831
650
_a
MBA
942
_2
ddc
_c
BB
_0
27
999
_c
7754
_d
7754